North American Sports Champions - Statistics

General Stats
  • This quiz has been taken 723 times
    88 since last reset
  • The average score is 71 of 93
Answer Stats
Team % Correct
NBA Finals Boston Celtics
99%
NBA Finals Los Angeles Lakers
99%
Super Bowl New England Patriots
95%
World Series New York Yankees
93%
NBA Finals Chicago Bulls
92%
World Series Cincinnati Reds
91%
Stanley Cup Montreal Canadiens
91%
Super Bowl New York Giants
91%
Stanley Cup New York Rangers
91%
Super Bowl Pittsburgh Steelers
91%
World Series San Francisco Giants
91%
World Series Texas Rangers
91%
NBA Finals Oklahoma City Thunder
89%
NBA Finals Sacramento Kings
89%
World Series Boston Red Sox
88%
Super Bowl Dallas Cowboys
88%
Super Bowl Green Bay Packers
88%
World Series Los Angeles Dodgers
88%
NBA Finals Milwaukee Bucks
88%
Super Bowl Tampa Bay Buccaneers
88%
NBA Finals Dallas Mavericks
86%
NBA Finals Golden State Warriors
86%
Super Bowl Kansas City Chiefs
86%
Super Bowl Los Angeles Rams
86%
NBA Finals Philadelphia 76ers
86%
Stanley Cup Toronto Maple Leafs
86%
Super Bowl Denver Broncos
85%
NBA Finals San Antonio Spurs
85%
Super Bowl Miami Dolphins
84%
NBA Finals Miami Heat
84%
Super Bowl New York Jets
84%
Super Bowl San Francisco 49ers
84%
NBA Finals Detroit Pistons
82%
Super Bowl Indianapolis Colts
82%
Super Bowl Las Vegas Raiders
82%
NBA Finals New York Knicks
82%
Super Bowl Philadelphia Eagles
82%
Super Bowl Seattle Seahawks
82%
Super Bowl Chicago Bears
81%
Stanley Cup Edmonton Oilers
81%
Stanley Cup Florida Panthers
81%
World Series Houston Astros
81%
World Series Los Angeles Angels
81%
Stanley Cup Los Angeles Kings
81%
World Series New York Mets
81%
World Series St. Louis Cardinals
81%
Super Bowl Baltimore Ravens
80%
Stanley Cup Detroit Red Wings
80%
NBA Finals Houston Rockets
80%
Super Bowl Washington Commanders
80%
Stanley Cup Boston Bruins
78%
Stanley Cup Chicago Blackhawks
78%
World Series Chicago Cubs
78%
World Series Chicago White Sox
78%
World Series Kansas City Royals
78%
Super Bowl New Orleans Saints
78%
NBA Finals Denver Nuggets
77%
NBA Finals Portland Trail Blazers
77%
Stanley Cup Dallas Stars
76%
World Series Miami Marlins
76%
Stanley Cup New York Islanders
76%
Stanley Cup Pittsburgh Penguins
76%
Stanley Cup Calgary Flames
74%
NBA Finals Cleveland Cavaliers
74%
NBA Finals Toronto Raptors
74%
World Series Atlanta Braves
73%
Stanley Cup Colorado Avalanche
73%
World Series Detroit Tigers
73%
World Series Philadelphia Phillies
73%
World Series Pittsburgh Pirates
73%
World Series Washington Nationals
73%
World Series Minnesota Twins
72%
Stanley Cup Tampa Bay Lightning
72%
NBA Finals Atlanta Hawks
70%
World Series Toronto Blue Jays
70%
Stanley Cup Vegas Golden Knights
70%
World Series Arizona Diamondbacks
69%
Stanley Cup St. Louis Blues
69%
NBA Finals Washington Wizards
69%
Stanley Cup New Jersey Devils
68%
Stanley Cup Washington Capitals
68%
World Series Baltimore Orioles
66%
World Series Cleveland Guardians
65%
Stanley Cup Ottawa Senators
65%
Stanley Cup Philadelphia Flyers
64%
World Series Athletics
62%
Stanley Cup Carolina Hurricanes
62%
Stanley Cup Anaheim Ducks
61%
NBA Finals Baltimore Bullets
31%
Stanley Cup Montreal Maroons
20%
Stanley Cup Victoria Cougars
11%
Stanley Cup Seattle Metropolitans
9%
Stanley Cup Vancouver Millionaires
8%
No matching quizzes found
Score Distribution
Percent of People with Each Score
Percentile by Number Answered
Your Score History
You have not taken this quiz since the last reset